Tri thức trẻ.

Na minha lista:
Detalhes bibliográficos
Formato: Periódico
Idioma:Vietnamese
Publicado em: Tp.HCM : Cơ quan trung ương Đoàn thanh niên cộng sản Hồ Chí Minh.
Assuntos:
Tags: Adicionar Tag
Sem tags, seja o primeiro a adicionar uma tag!
Thư viện lưu trữ: Mạng thư viện Đại học Đà Nẵng
LEADER 00721cas a2200289 a 4500
001 000043716
003 1759
005 20110906104640.0
008 010217b vm 000 vie
040 |a LIRC  |c LIRC  |d LIRC 
041 0 |a vie 
082 1 4 |a 001  |b Tr-T 
245 0 0 |a Tri thức trẻ. 
260 |a Tp.HCM :  |b Cơ quan trung ương Đoàn thanh niên cộng sản Hồ Chí Minh. 
300 |c 21 cm. 
310 |a 3 kỳ 1 tháng. 
650 0 4 |a Tri thức  |v Tạp chí. 
653 |a Tri thức. 
OWN |a DUT 
999 |a From the UDN01 
TYP |a Printed language 
980 |a Mạng thư viện Đại học Đà Nẵng